| 000 | 00439nam a22001577a 4500 | ||
|---|---|---|---|
| 003 | PILC | ||
| 005 | 20150525150030.0 | ||
| 008 | 150525b xxu||||| |||| 00| 0 eng d | ||
| 050 |
_aPS 135 _b.B787 1982 |
||
| 100 | _aBowles, Paul. | ||
| 245 |
_aScape : _bseattle New York / _cPaul Bowles [and and 11 others]. |
||
| 260 |
_aNew York : _bThe Scape Press, _c1982. |
||
| 300 |
_a37 pages ; _c22 cm. |
||
| 650 | _aPoets. | ||
| 942 |
_2lcc _cBK _kFOR |
||
| 999 |
_c284359 _d284359 |
||